| 000 | 01313 a2200157 4500 | ||
|---|---|---|---|
| 003 | Nust | ||
| 005 | 20170207154120.0 | ||
| 040 | _cNust | ||
| 082 | _a623.3 | ||
| 245 |
_aProceedings of military electronic defece expo-1978 (Photocopy) _cStover,Harry L |
||
| 260 |
_c1978 _aUSA |
||
| 300 | _a835 p. | ||
| 505 | _aSolid State Microwave And Millimeter Wave Technology (Page-3), Gas Devices And Monolithic Integrated Circuits (Page-13), Microwave Monolithic Gallium Arsenide And Silicon Circuit Technology Overview (Page-27), Infrared CCD And CID Focal Plane Arrays (Page-105), Standardization And Trends In Military Microprocessor And Microcomputer Systems MEDE (Page-263), CCD Digital Memories (Page-117), The Use Of Microprocessors And Tactical Comm. (Page-276), Summary Of Threats (Page-379), Technological Trends In Electronic Warfare (Page-386), Antennas And Receivers For EW Sys (Page-408), The Target Problem Using Airborne Radar Under ECM Environment (Page-414), Delta Multiplex System (Page-475), Digital Technology In The Ptarmigan Switch (Page-489), Quantitative Measure Of Communications Security (Page-525), Management And Control Of Military Communications Networks (Page-535), Soviet Electronic Support Measures Capability (Page-830). | ||
| 538 | _aAlmirah No.42 Shelf No. 2 | ||
| 650 | _aElectronic warfare | ||
| 942 |
_2ddc _cBK |
||
| 999 |
_c194284 _d194284 |
||